000 00951nam a2200277Ia 4500
003 OSt
005 20220923211543.0
006 a|||||r|||| 00| 0
007 ta
008 220922b |||||||| |||| 00| 0 pan d
020 _a9789383437887 (hbk)
_c450
024 _a336,728
037 _b1023, 08/03/2018, H.K. Prakashan
_cTextual
040 _aARTS
_cARTS
_bpan
041 _2pan
_apan
082 _aP153:4k, Q8
100 _aਵਸਿFਟ, ਓਮ ਪ੍ਰਕਾF, ਂਚ.
_9160761
245 0 _aਕੋF ਅਧਿਔਨ ਮਾਡਲ
260 _aਚੰਡੀਗੜ
_b ਲੋਕਗੀਤ ਪ੍ਰਕਾFਨ
_c2018
300 _a231ਪ0
_ccm.
650 _a ਕੋF ਪੰਜਾਬੀ
_9160762
650 _a ਪੰਜਾਬੀ ਭਾFਾ
650 _aਕੋF
_9159385
942 _hP153:4k, Q8
_cTEXL
_2CC
999 _c300712
_d300712